<?xml version="1.0" encoding="UTF-8"?>
<resp>
  <nextPage>https://data.bn.org.pl/api/networks/bibs.marcxml?marc=001+b00001150003247&amp;sinceId=1150003248</nextPage>
  <collection>
    <record xmlns='http://www.loc.gov/MARC21/slim'><leader>01027namZa2200313ZiZ4500</leader><controlfield tag='001'>b00001150003247</controlfield><controlfield tag='005'>20260401103609.3</controlfield><controlfield tag='008'>230609s        pl           |000 0 pol c</controlfield><controlfield tag='009'>9913261511105606</controlfield><datafield ind1=' ' ind2=' ' tag='020'><subfield code='a'>9788360803677</subfield></datafield><datafield ind1=' ' ind2=' ' tag='035'><subfield code='a'>KR_1KR_1_20120317231825040646-48omnis_kr</subfield></datafield><datafield ind1=' ' ind2=' ' tag='035'><subfield code='a'>KR_1_20120317231825040646</subfield><subfield code='9'>ExL</subfield></datafield><datafield ind1=' ' ind2=' ' tag='035'><subfield code='a'>(PL)b00001150003247</subfield></datafield><datafield ind1=' ' ind2=' ' tag='040'><subfield code='a'>KR_1</subfield><subfield code='c'>KR_1</subfield></datafield><datafield ind1='1' ind2=' ' tag='041'><subfield code='a'>pol</subfield><subfield code='h'>eng</subfield></datafield><datafield ind1='0' ind2='0' tag='245'><subfield code='a'>Świat antyczny /</subfield><subfield code='c'>[tł. Anna Pawłowska].</subfield></datafield><datafield ind1=' ' ind2=' ' tag='260'><subfield code='a'>W-wa :</subfield><subfield code='b'>Przedsiębiorstwo Wydawniczo-Handlowo-Usługowe &quot;Arti Centrum&quot; Artur Rogala,</subfield><subfield code='c'>cop. 2006.</subfield></datafield><datafield ind1=' ' ind2=' ' tag='300'><subfield code='a'>32 s. :</subfield><subfield code='b'>il. kolor. ;</subfield><subfield code='c'>28 cm.</subfield></datafield><datafield ind1='1' ind2=' ' tag='490'><subfield code='a'>Pierwsza Biblioteka Wiedzy</subfield></datafield><datafield ind1=' ' ind2=' ' tag='500'><subfield code='a'>dd</subfield></datafield><datafield ind1=' ' ind2=' ' tag='504'><subfield code='a'>Indeks.</subfield></datafield><datafield ind1=' ' ind2='9' tag='650'><subfield code='a'>Historia</subfield><subfield code='v'>wydawnictwa dla dzieci</subfield></datafield><datafield ind1='1' ind2=' ' tag='700'><subfield code='a'>Pawłowska, Anna</subfield><subfield code='e'>Tł.</subfield></datafield><datafield ind1=' ' ind2=' ' tag='852'><subfield code='b'>48OMNIS_NETWORK</subfield><subfield code='8'>9913261511105606</subfield></datafield><datafield ind1=' ' ind2=' ' tag='852'><subfield code='b'>48OMNIS_MBPG</subfield><subfield code='8'>991002544499708210</subfield></datafield><datafield ind1=' ' ind2=' ' tag='852'><subfield code='8'>22791865310008210</subfield><subfield code='j'>1</subfield><subfield code='b'>F03</subfield><subfield code='p'>10240955</subfield><subfield code='c'>lok03</subfield></datafield><datafield ind1=' ' ind2=' ' tag='920'><subfield code='a'>978-83-60803-67-7</subfield></datafield></record>
  </collection>
</resp>
